000 00690nam a2200181Ia 4500
008 090711s9999 xx 000 0 und d
082 _b15840
100 _aSाट्टोपाध्याय शरतSान्द्र
245 _aसुप्रभात
260 _bमहाराष्ट्र ग्रंथ भांडार
_c1960
300 _a112
600 _aSाट्टोपाध्याय शरतSान्द्र
630 _aसुप्रभात
700 _aबोकील व्यंकटेश
700 _aSाट्टोपाध्याय शरतSान्द्र
730 _aसुप्रभात
942 _cBOOK
999 _c294030
_d294030